[Event "XII It I"]
[Site "Dos Hermanas ESP"]
[Date "2003.03.30"]
[Round "3"]
[White "Campora, D."]
[Black "Vallejo Pons, F."]
[Result "0-1"]
[WhiteElo "2505"]
[BlackElo "2629"]
[PlyCount "76"]
[EventDate "2003.03.28"]

1. e4 c5 2. Nf3 e6 3. d4 cxd4 4. Nxd4 Nc6 5. Nc3 Qc7 6. Be3 a6 7. Qd2 Nf6 8. f3
Bb4 9. a3 Be7 10. g4 h6 11. Be2 b5 12. O-O (12. h4 Ne5 13. Kf2 Rb8 14. b3 b4
15. Na4 Nexg4+ 16. Kg2 Nxe3+ 17. Qxe3 bxa3 18. h5 Qe5 19. Qc3 Bd6 20. Nf5 exf5
21. Qxe5+ Bxe5 22. Rxa3 d6 {
0-1 Rodrigues,E-Filgueira,H/Sao Paulo 2001/CBM 84 ext (22).}) 12... Bb7 13.
Nxc6 Bxc6 14. Rad1 d6 15. Bd3 g5 16. Ne2 h5 17. gxh5 Nxh5 18. Qc3 Bf6 19. Nd4
Rc8 20. Qxc6+ Qxc6 21. Nxc6 Rxc6 22. c3 Be5 23. Rf2 Bf4 24. Bxf4 Nxf4 25. Bf1
Ke7 26. a4 Rb8 27. Rd4 Rcb6 28. axb5 axb5 29. Rb4 Ra8 30. Rd2 Ra1 31. Kf2 Rb8
32. h3 Rc1 33. c4 Ra8 34. cxb5 Raa1 35. Be2 Rh1 36. b6 Rh2+ 37. Ke3 Re1 38. Kd4
Rc1 (38... Rc1 39. Ke3 (39. b7 $4 e5+ 40. Ke3 Re1) 39... Ng2+ (39... Re1 40.
Kd4 Nxe2+ 41. Rxe2 Rexe2 42. b7 Rd2+ 43. Kc3 Rc2+ 44. Kd3 f5 45. exf5 (45. b8=Q
$4 Rhd2+ 46. Ke3 f4#) 45... Rhd2+ 46. Ke3 Re2+ 47. Kd4 Red2+ 48. Ke3 Re2+ 49.
Kd3) 40. Kd3 Ne1+ 41. Ke3 Nc2+ 42. Rxc2 Rxc2 43. b7 Rhxe2+ 44. Kd3 Red2+ 45.
Ke3 Re2+ 46. Kd3 Rcd2+) 0-1

[Event "XII It I"]
[Site "Dos Hermanas ESP"]
[Date "2003.03.30"]
[Round "3"]
[White "Dreev, A."]
[Black "Illescas Cordoba, M."]
[Result "1-0"]
[WhiteElo "2690"]
[BlackElo "2595"]
[PlyCount "133"]
[EventDate "2003.03.28"]

1. d4 Nf6 2. c4 e6 3. Nf3 d5 4. Nc3 Be7 5. Bf4 O-O 6. e3 c5 7. dxc5 Bxc5 8.
cxd5 Nxd5 9. Nxd5 exd5 10. a3 Nc6 11. Bd3 Bb6 12. O-O d4 13. Qc2 h6 14. e4 Bg4
15. Ne5 Nxe5 16. Bxe5 Re8 17. Bg3 Rc8 18. Qd2 Ba5 19. Qf4 Qg5 20. h4 Qxf4 21.
Bxf4 Bd8 22. f3 Bd7 23. Bg3 Re6 24. Rfc1 Rb6 25. Rxc8 Bxc8 26. Rc1 Be6 27. b4
Rc6 28. Rxc6 bxc6 29. Bd6 Bxh4 30. Bc5 Bb3 31. Bxa7 Bg5 32. Bxd4 Bc1 33. e5
Bxa3 34. Bc5 Bd5 35. f4 Bb2 36. Bf5 g5 37. fxg5 hxg5 38. Bd6 Be6 39. Be4 Bd7
40. Kf2 Kg7 41. Ke3 Bc3 42. Kd3 Be1 43. Be7 g4 44. Kc4 Bf2 45. Bc5 Bh4 46. Kd4
Kg8 47. Ke3 Bg3 48. Kd4 Bh4 49. Bd6 Bf2+ 50. Kc4 Bg3 51. e6 Bxe6+ 52. Kc5 Be1 (
52... f5 53. Bxc6 Bf2+ 54. Kb5 Be3 55. Ka6 (55. Ka5 f4 56. b5 Bc4 57. b6 Bxb6+
58. Kxb6 f3 59. gxf3 gxf3 60. Bxf3) 55... Bc4+ 56. b5 f4 57. Ka5 f3 58. gxf3
gxf3 59. Bxf3 Bxb5 60. Kxb5) 53. Kxc6 f5 54. Bd3 f4 55. b5 f3 56. b6 Bc8 57. g3
Kf7 58. b7 Bxb7+ 59. Kxb7 Ke6 60. Kc6 Bf2 61. Bf4 Bd4 62. Bc4+ Kf5 63. Kd5 Bb6
64. Ba6 Kg6 65. Ke6 f2 66. Bd3+ Kh5 67. Kf7 1-0

[Event "XII It I"]
[Site "Dos Hermanas ESP"]
[Date "2003.04.01"]
[Round "4"]
[White "Tiviakov, S."]
[Black "Vallejo Pons, F."]
[Result "0-1"]
[WhiteElo "2635"]
[BlackElo "2629"]
[PlyCount "86"]
[EventDate "2003.03.28"]

1. e4 c5 2. c3 Nf6 3. e5 Nd5 4. Nf3 Nc6 (4... e6 5. Bc4 $5 (5. d4 cxd4 6. cxd4
b6 $13) 5... Nb6 6. Bb3 c4 7. Bc2 d6 8. exd6 Bxd6 9. b3 Nc6 10. O-O Bd7 11. Qe2
cxb3 12. axb3 Qe7 {Hracek,Z-Piket,J/Nussloch/1996/} 13. d4 $16) 5. Bc4 Nb6 6.
Bb3 (6. Be2 d6 (6... g6 $5) 7. exd6 e5 $5 8. d4 cxd4 9. cxd4 e4 10. Ng5 Bxd6
11. Nxe4 Bb4+ $10) 6... c4 (6... d5 7. exd6 Qxd6 8. Na3 $5 $36) 7. Bc2 Qc7 (
7... d6 8. exd6 Qxd6 9. O-O Bg4 10. Re1 e6 11. h3 Bh5 12. b3 Bg6 13. Ba3 Qd5
14. Bxf8 Kxf8 15. Na3 Rd8 16. bxc4 Nxc4 17. Bb3 Bd3 18. Nxc4 Bxc4 19. d4 g6 $10
{Nunn,J-Anand,W/Monaco Amber/1994/}) (7... g6 8. b3 $1 d5 9. exd6 Qxd6 10. O-O
Bg7 11. Na3 cxb3 12. axb3 O-O 13. d4 Bg4 14. h3 Bxf3 15. Qxf3 e5 16. Nb5 Qd7 (
16... Qd5 $142 $5) 17. Ba3 Rfd8 18. dxe5 Nxe5 19. Qe2 $36 {
Dolmatov,S-Judasin,L/Haifa/1995/}) 8. Qe2 g5 (8... g6 9. d4 $5 (9. O-O Bg7 10.
Re1 {()}) 9... cxd3 10. Bxd3 Bg7 11. Bf4 $14) 9. h3 (9. Nxg5 Qxe5 10. d4 {
0-1 Torre,E-Ivanchuk,V/Yerevan 1996/EXT 97/[Stohl] (57). (57)} (10. Qxe5 $2
Nxe5 11. Nxh7 Bh6 12. Bf5 d5 $1 $19) (10. Nxh7 $2 Bh6)) (9. e6 $5 dxe6 10. Nxg5
Qe5 $8 11. Ne4 (11. Nxh7 $2 Bh6) (11. d4 cxd3 12. Bxd3 Qxe2+ 13. Kxe2 f5 $1)
11... f5 12. Ng3 Bh6 13. Na3 Qxe2+ 14. Kxe2 O-O 15. b3 cxb3 16. Bxb3 Nd5 17.
Re1 Nf4+ 18. Kf1 Nd3 $132 {Sveshnikov,E-Chernaev,A/Jerevan op/1996/}) 9... Bg7
10. O-O Nxe5 11. Nxg5 h6 (11... d5 12. b3 Bd7 13. a4 cxb3 14. Bxb3 Bf5 15. a5
Nbc4 16. d4 h6 17. dxe5 hxg5 18. Bxg5 Bxe5 (18... Qxe5 19. Bxc4 dxc4 20. Qxe5
Bxe5 21. Re1 f6 22. f4 O-O-O 23. fxe5 {
1/2-1/2 Rozentalis,E-Hracek,Z/Germany 1998}) 19. Bxc4 dxc4 20. Re1 f6 21. Be3
Qc6 22. f4 Bd6 23. Nd2 Bd3 24. Qf3 Kd7 25. Ra2 Rag8 26. Qxc6+ Kxc6 27. Kf2 e5
28. Bxa7 Rg7 29. Nf3 e4 30. Nd4+ $16 {
1-0 Rozentalis,E-Zezulkin,J/Warsaw 1999 (63)}) 12. Nf3 (12. Ne4 Ng6 13. d4 cxd3
14. Bxd3 Be5 15. Na3 a6 16. Re1 d5 17. Ng3 Nf4 18. Bxf4 Bxf4 {
1/2-1/2 Pavasovic,D-Tratar,M/Ljubljana 2000/CBM 76 ext (60). (60)}) 12... Ng6 (
12... Nxf3+ 13. Qxf3 d5 14. Re1 Be6 (14... e5 15. Qg3 (15. b3 Be6 16. bxc4 dxc4
17. Qg3 {0-1 Jonkman,H-Van Wely,L/Leeuwarden 2002 (32)}) 15... f5 (15... Kf8 {
Ftacnik} 16. Na3 Be6 17. d4 cxd3 18. Bxd3 a6 $13) 16. d4 cxd3 17. Bxd3 Kf7 (
17... Kf8 $5 {Ftacnik} 18. b3 (18. Nd2 {Ftacnik} 18... f4 19. Qh4 Be6 20. Nf3
Bf7 $15) 18... Be6 19. a4 Nc8 $13) 18. Nd2 Qc6 ({
On the other hand playing the position after} 18... Re8 19. Nf3 Qd6 20. Nh4 Qf6
21. Be2 $1 {(after such maneuvers things usually become clear)} 21... Kf8 22.
Bh5 {is not fun for Black either.})) 15. d4 cxd3 16. Bxd3 O-O-O 17. Na3 Nc4 18.
Nxc4 dxc4 19. Be4 Be5 20. Bf5 Bh2+ {
1/2-1/2 Alper,M-Atakisi,U/Kocaeli 2002/CBM 89 ext (90). (89)}) 13. Re1 Bf6 14.
d4 d6 15. a4 Rg8 16. a5 Nd5 17. Qe4 Be6 18. Bxh6 O-O-O 19. a6 Rh8 20. Ng5 Bxg5
21. Bxg5 Rdg8 22. Nd2 b5 23. Nf3 Rh5 24. Kf1 Nf8 25. Bc1 Qd7 26. Ng1 Nh7 27.
Qf3 Nhf6 28. b3 cxb3 29. Bxb3 Rf5 30. Qd3 Ne3+ 31. Qxe3 Bxb3 32. f3 Bc4+ 33.
Kf2 e6 34. Qh6 Qd8 35. Qd2 Nh5 36. Re4 d5 37. Rg4 Rxg4 38. hxg4 Qh4+ 39. Ke3
Ng3 40. Qf2 Nf1+ 41. Qxf1 Bxf1 42. gxf5 Qe1+ 43. Kf4 Qxc3 0-1

[Event "XII It I"]
[Site "Dos Hermanas ESP"]
[Date "2003.04.02"]
[Round "6"]
[White "Rustemov, A."]
[Black "Karjakin, Sergey"]
[Result "1-0"]
[WhiteElo "2604"]
[BlackElo "2547"]
[PlyCount "127"]
[EventDate "2003.03.28"]

1. c4 c5 2. Nf3 Nc6 3. d4 cxd4 4. Nxd4 Nf6 5. Nc3 e6 6. g3 Qb6 7. Ndb5 Bc5 (
7... Ne5 $5) 8. Bg2 (8. Nd6+ {Ryskin,A-Savon,V/Nikolaev zt/1993/CBM35/}) 8...
d5 (8... a6 9. Nd6+ Ke7 10. Nde4 Nxe4 11. Nxe4 Bb4+ 12. Bd2 Bxd2+ (12... d5 13.
cxd5 exd5 14. Nc3 Bxc3 15. bxc3 $14) 13. Qxd2 Qb4 14. Rd1 (14. c5 f5 15. a3 $1
$14) 14... Qxd2+ 15. Rxd2 b5 16. c5 a5 17. O-O Ba6 18. f4 Ra7 19. Nd6 Rc7 20.
e4 a4 21. e5 Na5 22. f5 (22. Rfd1 $5 Rxc5 23. Nxf7 Kxf7 24. Rxd7+ Kg6 25. Ra7
$16) 22... f6 (22... Nc4 23. f6+ gxf6 24. exf6+ Kf8 25. Nxc4 bxc4 26. Rd6 $16)
(22... Rxc5 23. fxe6 Kxe6 24. Bh3+ $18) 23. fxe6 dxe6 24. exf6+ gxf6 25. Bh3
Nc4 (25... Rxc5 26. Ne4 $1 $16) 26. Re2 (26. Nxc4 bxc4 27. Rd6 Bc8 $15) 26...
Ne5 27. Ne4 b4 28. Rxf6 Nf3+ 29. Kf2 Ng5 (29... Bxe2 $5) 30. Nxg5 Kxf6 31. Nxe6
Bxe2 32. Nxc7 Bc4 33. b3 axb3 34. axb3 Bxb3 35. Na6 Be6 36. Bxe6 {
1/2-1/2 Lautier,J-Izeta Txabarri,F/Madrid 1993/CBM 36/[Ribli] (36).}) (8...
Bxf2+ $2 9. Kf1 Ng4 10. Qd6 $16 {Lipinski-Schinzel/Poland/1978/}) 9. O-O dxc4
10. Nd6+ Bxd6 11. Qxd6 Ne7 12. Qa3 Nfd5 13. Ne4 O-O 14. Nd6 c3 15. e4 Nb4 16.
Nc4 Qc5 17. Qxc3 b5 18. Na3 Qxc3 19. bxc3 Nd3 20. Nxb5 Nxc1 21. Rfxc1 e5 22.
Nc7 Rb8 23. Rab1 Bd7 24. Nd5 Nc6 25. Bf1 Rxb1 26. Rxb1 Rb8 27. Rb3 Kf8 28. f3
Be6 29. Kf2 Rd8 30. Rb5 Ne7 31. c4 Nc6 32. Ke3 Rc8 33. f4 f6 34. Bd3 Bd7 35.
Rb7 Ke8 36. Kd2 Kd8 37. Kc3 Rb8 38. Rb5 Rc8 39. h4 h6 40. a3 Be6 41. Rb7 Bd7
42. fxe5 fxe5 43. Ne3 g6 44. Nd5 Rb8 45. Rb5 Rc8 46. Rc5 Nd4 47. Ra5 Nc6 48.
Ra6 g5 49. Nb4 gxh4 50. gxh4 Rc7 51. Bc2 h5 52. Bd1 Nxb4 53. axb4 Bc6 54. Ra5
Re7 55. Bf3 Be8 56. Kd3 Bf7 57. c5 Rd7+ 58. Kc3 Bg8 59. Bxh5 Rh7 60. Bg6 Rxh4
61. Bf5 Bf7 62. Rxa7 Be8 63. Ra8+ Ke7 64. Ra6 1-0

[Event "XII It I"]
[Site "Dos Hermanas ESP"]
[Date "2003.04.03"]
[Round "7"]
[White "Dreev, A."]
[Black "Tiviakov, S."]
[Result "1-0"]
[WhiteElo "2690"]
[BlackElo "2635"]
[PlyCount "51"]
[EventDate "2003.03.28"]

1. d4 Nf6 2. c4 e6 3. Nf3 b6 4. a3 Bb7 5. Nc3 d5 6. cxd5 Nxd5 7. Bd2 Nd7 8.
Nxd5 Bxd5 9. Qc2 c5 10. e4 Bb7 11. d5 exd5 12. exd5 Bd6 13. O-O-O O-O 14. Bb5 (
14. Ng5 Nf6 15. Kb1 Be5 16. Nf3 Bd4 17. Nxd4 cxd4 18. Bb4 Re8 19. Bb5 Re5 20.
Bc6 Rc8 21. Qa4 Bxc6 22. dxc6 Qd5 23. f3 {
0-1 Dreev,A-Karpov,A/Cap d'Agde 2002/CBM 92 (61). (61)}) 14... h6 15. Bc3 Nf6
16. Bc6 Rb8 17. h4 Ng4 18. Kb1 Bc8 19. Rde1 g6 20. Re6 $3 $18 Bxe6 21. dxe6 f5
22. h5 gxh5 (22... Be7 23. Ne5 Nxe5 24. Bxe5 g5 25. Rd1 (25. g4 Qc8 26. Bd5)
25... Qc8 26. Bb5 a6 27. Bd3 Bf6 28. Bd6 Rd8 29. Bxf5) (22... g5 23. e7 Qxe7
24. Bd5+ Kh7 25. Re1 Qd8 26. Be6 $1) 23. Rxh5 Qe7 24. Nh4 Qxe6 25. Nxf5 {
Threatening Nxh6+.} 25... Be5 26. Bd5 1-0

[Event "XII It I"]
[Site "Dos Hermanas ESP"]
[Date "2003.04.05"]
[Round "9"]
[White "Epishin, V."]
[Black "Rustemov, A."]
[Result "1/2-1/2"]
[WhiteElo "2626"]
[BlackElo "2604"]
[PlyCount "117"]
[EventDate "2003.03.28"]

1. c4 c5 2. Nf3 Nc6 3. Nc3 e5 4. e3 Nf6 5. a3 d6 6. d3 Be7 7. Be2 O-O 8. O-O h6
9. b3 a5 10. Bb2 Bf5 11. Re1 Re8 12. h3 Bf8 13. Nd2 Bg6 14. Nde4 Nd7 15. Ng3 f5
16. Bh5 Qg5 17. Bxg6 Qxg6 18. Nd5 Rab8 19. Qf3 Ne7 20. Nxe7+ Rxe7 21. Qxf5 Qxf5
22. Nxf5 Rf7 23. g4 b5 24. Bc3 g6 25. Ng3 a4 26. Reb1 b4 27. Bd2 axb3 28. Rxb3
Ra8 29. Ne4 Nf6 30. Nxf6+ Rxf6 31. Rbb1 bxa3 32. Bc1 e4 33. dxe4 Ra4 34. Bxa3
Rxc4 35. Rb8 Rxe4 36. Bb2 Rf7 37. Ra6 Re6 38. Raa8 Ree7 39. Bc3 Ra7 40. Kg2
Rxa8 41. Rxa8 Rd7 42. Kf3 Kf7 43. e4 Bg7 44. Bxg7 Kxg7 45. Ke3 d5 46. Rc8 dxe4
47. Kxe4 Re7+ 48. Kd3 Rd7+ 49. Ke3 Rd1 50. Kf4 Rc1 51. h4 Rc4+ 52. Kg3 g5 53.
h5 Kh7 54. Rc7+ Kg8 55. Kf3 Rf4+ 56. Kg3 Rc4 57. Kf3 Rf4+ 58. Kg3 Rc4 59. Kf3
1/2-1/2

[Event "XII It I"]
[Site "Dos Hermanas ESP"]
[Date "2003.04.05"]
[Round "9"]
[White "Campora, D."]
[Black "Dreev, A."]
[Result "0-1"]
[WhiteElo "2505"]
[BlackElo "2690"]
[PlyCount "194"]
[EventDate "2003.03.28"]

1. e4 c6 2. d4 d5 3. Nc3 dxe4 4. Nxe4 Bf5 5. Ng3 Bg6 6. Bc4 e6 7. N1e2 Bd6 8.
Nf4 Bxf4 9. Bxf4 Nf6 10. O-O O-O 11. c3 Nbd7 12. Qe2 Re8 13. Rad1 a5 14. Rfe1
a4 15. Bd3 Bxd3 16. Qxd3 Qa5 17. c4 Qa6 18. Qc2 Rad8 19. h3 Nb6 20. b3 Nbd7 21.
Rd2 Ra8 22. Nf1 Qb6 23. Bd6 axb3 24. axb3 c5 25. dxc5 Nxc5 26. Bxc5 Qxc5 27.
Ne3 h5 28. Red1 Qb4 29. Qb1 b5 30. Rd4 Rab8 31. Qd3 bxc4 32. bxc4 Rec8 33. Rd6
Qc5 34. Qd4 Qxd4 35. R6xd4 Kf8 36. Kf1 Ke7 37. g4 Rc5 38. f4 hxg4 39. hxg4 g5
40. f5 Re5 41. Re1 Re4 42. Rxe4 Nxe4 43. fxe6 fxe6 44. Ke2 Kd6 45. Ra1 Rb2+ 46.
Ke1 Kc5 47. Rd1 Rb3 48. Nf1 Kxc4 49. Rd8 Kc5 50. Rd7 Ra3 51. Rd8 Rh3 52. Rd7
Rb3 53. Rd8 Rb2 54. Ne3 Rh2 55. Rd7 Ra2 56. Rd8 Nf6 57. Rf8 Nd7 58. Rd8 Ne5 59.
Kf1 Nf3 60. Nc2 Nh2+ 61. Kg1 Nf3+ 62. Kf1 e5 63. Ne3 e4 64. Rd5+ Kb4 65. Rd8
Rh2 66. Rd7 Kc3 67. Nd1+ Kc2 68. Ne3+ Kc1 69. Rd1+ Kb2 70. Rd7 Kb3 71. Rc7 Nd4
72. Rc8 Rh3 73. Nd5 Rf3+ 74. Kg2 Rd3 75. Kf2 Ne6 76. Ne3 (76. Re8 Rf3+ 77. Ke1
Nc5 (77... Nd4 78. Rxe4) 78. Ke2 Kc4 (78... Rg3 79. Nf6) 79. Ne3+ Kc3 80. Rxe4)
76... Nf4 77. Re8 Nh3+ 78. Ke2 Nf4+ 79. Kf2 Rd2+ 80. Kf1 Rd4 81. Rc8 Ra4 82.
Kf2 Ra2+ 83. Kf1 Nd3 84. Nd5 (84. Re8) 84... Rf2+ 85. Kg1 Rd2 86. Ne3 Re2 87.
Nd5 Nf4 88. Ne7 e3 89. Nf5 Rg2+ 90. Kh1 e2 91. Nd4+ Kb4 92. Nc2+ Kb3 93. Nd4+
Kb4 94. Nc2+ Kb5 95. Nd4+ Kb6 96. Rc1 Rf2 97. Kg1 Nh3+ 0-1